[Event "Madrid-chT 1819"]
[Site "Madrid"]
[Date "2018.12.01"]
[Round "3.6"]
[White "Spitzer Isbert, Ramon"]
[Black "Garcia Guitian, Angel"]
[Result "1-0"]
[WhiteElo "1966"]
[BlackElo "1773"]
[PlyCount "41"]
[EventDate "2018.11.17"]
[EventType "team-tourn"]
[EventRounds "14"]
[EventCountry "ESP"]
[SourceTitle "CBM 189 Extra"]
[Source "ChessBase"]
[SourceDate "2019.06.03"]
[SourceVersion "1"]
[SourceVersionDate "2019.06.03"]
[SourceQuality "1"]
[WhiteTeam "Liberty Chess"]
[BlackTeam "Villalba 64"]
[WhiteTeamCountry "ESP"]
[BlackTeamCountry "ESP"]

1. d4 Nf6 2. c4 g6 3. Nc3 Bg7 4. e4 d6 5. Be2 0-0 6. Nf3 Nbd7 7. 0-0 e5 8. Be3 Ng4 9. Bg5 f6 10. Bh4 exd4 11. Nxd4 Nge5 12. Ne6 Qe7 13. Nxf8 Qxf8 14. Nd5 c6 15. Nc7 Rb8 16. Ne6 Qf7 17. Nxg7 Kxg7 18. Qxd6 g5 19. Bg3 Nxc4 20. Bxc4 Qxc4 21. Qe7+ 1-0

[Event "Madrid Oliver Gonzalez Memorial 4th"]
[Site "Madrid"]
[Date "2015.10.11"]
[Round "2"]
[White "Moreno Ibanez, Miguel"]
[Black "Spitzer Isbert, Ramon"]
[Result "1-0"]
[WhiteElo "2283"]
[BlackElo "2045"]
[PlyCount "49"]
[EventDate "2015.10.10"]
[EventType "swiss"]
[EventRounds "9"]
[EventCountry "ESP"]
[SourceTitle "CBM 168 Extra"]
[Source "ChessBase"]
[SourceDate "2015.10.29"]
[SourceVersion "1"]
[SourceVersionDate "2015.10.29"]
[SourceQuality "1"]

1. e4 Nf6 2. e5 Nd5 3. d4 d6 4. Nf3 Bg4 5. Be2 e6 6. 0-0 Be7 7. c4 Nb6 8. exd6 cxd6 9. Nc3 0-0 10. Be3 Nc6 11. b3 Bf6 12. Qd2 d5 13. c5 Nc8 14. h3 Bxf3 15. Bxf3 N8e7 16. Ne2 Nf5 17. Bg4 Nxe3 18. fxe3 a5 19. a3 b6 20. Rfc1 Re8 21. cxb6 Qxb6 22. Kh1 Bg5 23. Nc3 Qxb3 24. Rcb1 Qc4 25. Be2 1-0

[Event "Madrid-ch sf-A"]
[Site "Madrid"]
[Date "2014.03.25"]
[Round "8"]
[White "Rueda Maria, Ramiro"]
[Black "Spitzer Isbert, Ramon"]
[Result "0-1"]
[WhiteElo "1967"]
[BlackElo "2070"]
[PlyCount "94"]
[EventDate "2014.03.10"]
[EventType "swiss"]
[EventRounds "9"]
[EventCountry "ESP"]
[SourceTitle "EXT 2015"]
[Source "ChessBase"]
[SourceDate "2014.11.20"]
[SourceVersion "1"]
[SourceVersionDate "2014.11.20"]
[SourceQuality "1"]

1. Nf3 f5 2. c4 Nf6 3. Nc3 e6 4. d4 d6 5. g3 Be7 6. Bg2 0-0 7. 0-0 Qe8 8. Ng5 Nc6 9. e4 fxe4 10. Ngxe4 Nxe4 11. Nxe4 e5 12. dxe5 Nxe5 13. b3 Bg4 14. Qd5+ Kh8 15. Bb2 Nf3+ 16. Bxf3 Bxf3 17. Rfe1 Qg6 18. Qd4 c5 19. Qd3 Rf4 20. Nxc5 Qxd3 21. Nxd3 Rf7 22. Nf4 d5 23. Ne6 Bb4 24. Re3 Be4 25. Ng5 Re7 26. Nxe4 dxe4 27. Rd1 Bc5 28. Re2 Rf8 29. Bd4 Rd7 30. Rxe4 Rfd8 31. Rde1 Rxd4 32. Re8+ Bf8 33. R1e4 Kg8 34. Rxd8 Rxd8 35. Re2 Kf7 36. Kg2 Kf6 37. f4 h5 38. h3 h4 39. Kf3 hxg3 40. Kxg3 Rd4 41. Kf3 Ba3 42. h4 Rd1 43. h5 Bc1 44. Kg4 Rg1+ 45. Kh4 Bxf4 46. Re8 Kf5 47. Rf8+ Ke4 0-1

[Event "Madrid-ch sf-A"]
[Site "Madrid"]
[Date "2014.03.12"]
[Round "1"]
[White "Spitzer Isbert, Ramon"]
[Black "Fernandez Garcia, Ignacio"]
[Result "1-0"]
[WhiteElo "2070"]
[BlackElo "1907"]
[PlyCount "63"]
[EventDate "2014.03.10"]
[EventType "swiss"]
[EventRounds "9"]
[EventCountry "ESP"]
[SourceTitle "EXT 2015"]
[Source "ChessBase"]
[SourceDate "2014.11.20"]
[SourceVersion "1"]
[SourceVersionDate "2014.11.20"]
[SourceQuality "1"]

1. g3 e5 2. Bg2 d5 3. c3 Bd6 4. Bxd5 Nf6 5. Bg2 Nc6 6. d3 h6 7. Nf3 Ne7 8. 0-0 g5 9. Nbd2 Ng6 10. Nc4 c6 11. Nxd6+ Qxd6 12. d4 e4 13. Nd2 Qe7 14. Nc4 Nd5 15. Qc2 f5 16. b3 b6 17. Ba3 c5 18. dxc5 bxc5 19. Rad1 Be6 20. Rxd5 Bxd5 21. Ne3 Qf7 22. Rd1 Rd8 23. c4 Be6 24. Rxd8+ Kxd8 25. Bxc5 Kc8 26. f3 f4 27. Nd5 e3 28. Qxg6 Bxd5 29. Qa6+ Bb7 30. Bh3+ Kb8 31. Qxa7+ Kc7 32. Qb6+ 1-0

[Event "Madrid-ch sf-A"]
[Site "Madrid"]
[Date "2014.03.12"]
[Round "3"]
[White "Spitzer Isbert, Ramon"]
[Black "Lopez de Turiso, Jose Angel"]
[Result "1/2-1/2"]
[WhiteElo "2070"]
[BlackElo "2127"]
[PlyCount "37"]
[EventDate "2014.03.10"]
[EventType "swiss"]
[EventRounds "9"]
[EventCountry "ESP"]
[SourceTitle "EXT 2015"]
[Source "ChessBase"]
[SourceDate "2014.11.20"]
[SourceVersion "1"]
[SourceVersionDate "2014.11.20"]
[SourceQuality "1"]

1. e4 e5 2. Nf3 Nc6 3. Bb5 f5 4. d3 fxe4 5. dxe4 Nf6 6. Nc3 Bb4 7. 0-0 Bxc3 8. bxc3 d6 9. Bc4 Qe7 10. Qd3 Be6 11. Rb1 Bxc4 12. Qxc4 Nd8 13. Ba3 Qf7 14. Qb5+ Qd7 15. Qc4 Qc6 16. Qb3 Qb6 17. Qc4 Qc6 18. Qb3 Qb6 19. Qc4 1/2-1/2

[Event "Benidorm op U2300 12th"]
[Site "Benidorm"]
[Date "2013.11.29"]
[Round "1"]
[White "Spitzer Isbert, Ramon"]
[Black "Valmana Canto, Jaime"]
[Result "0-1"]
[WhiteElo "2091"]
[BlackElo "2298"]
[PlyCount "36"]
[EventDate "2013.11.29"]
[EventType "swiss"]
[EventRounds "10"]
[EventCountry "ESP"]
[SourceTitle "CBM 157 Extra"]
[Source "ChessBase"]
[SourceDate "2013.12.19"]
[SourceVersion "1"]
[SourceVersionDate "2013.12.19"]
[SourceQuality "1"]

1. Nf3 g6 2. c4 Bg7 3. d4 d6 4. Nc3 c5 5. dxc5 dxc5 6. Qxd8+ Kxd8 7. Bd2 Nc6 8. 0-0-0 Bd7 9. g3 Nh6 10. Bh3 Nf5 11. Ne4 b6 12. Bc3 Ncd4 13. Ng1 Bc6 14. Bg2 Kc7 15. e3 Bh6 16. Kb1 Bxe3 17. fxe3 Nxe3 18. Bxd4 cxd4 0-1

[Event "Madrid Chamartin op 1st"]
[Site "Madrid"]
[Date "2012.09.13"]
[Round "7"]
[White "Spitzer Isbert, Ramon"]
[Black "Almagro Llamas, Pablo"]
[Result "0-1"]
[WhiteElo "2078"]
[BlackElo "2455"]
[PlyCount "52"]
[EventDate "2012.09.09"]
[EventType "swiss"]
[EventRounds "9"]
[EventCountry "ESP"]
[SourceTitle "CBM 150 Extra"]
[Source "ChessBase"]
[SourceDate "2012.10.19"]
[SourceVersion "1"]
[SourceVersionDate "2012.10.19"]
[SourceQuality "1"]

1. d4 Nf6 2. Nf3 e6 3. c4 c5 4. Nc3 cxd4 5. Nxd4 Be7 6. Ndb5 d6 7. Bf4 e5 8. Bg5 a6 9. Bxf6 gxf6 10. Na3 Be6 11. e3 Nd7 12. Be2 f5 13. 0-0 Nb6 14. Qb3 Rc8 15. Rac1 Rc5 16. Na4 Nxa4 17. Qxa4+ Qd7 18. Bd1 0-0 19. Qxd7 Bxd7 20. Bb3 Rfc8 21. Nc2 b5 22. cxb5 axb5 23. Rfd1 Be6 24. Bxe6 fxe6 25. Rd2 e4 26. Kf1 Bf6 0-1

[Event "Madrid Oliver Gonzalez Memorial-A 3rd"]
[Site "Madrid"]
[Date "2012.09.03"]
[Round "3"]
[White "Hernandez Gutierrez, Jose"]
[Black "Spitzer Isbert, Ramon"]
[Result "1-0"]
[WhiteElo "1877"]
[BlackElo "2078"]
[PlyCount "131"]
[EventDate "2012.09.01"]
[EventType "swiss"]
[EventRounds "9"]
[EventCountry "ESP"]
[SourceTitle "CBM 150 Extra"]
[Source "ChessBase"]
[SourceDate "2012.10.19"]
[SourceVersion "1"]
[SourceVersionDate "2012.10.19"]
[SourceQuality "1"]

1. e4 Nf6 2. e5 Nd5 3. d4 d6 4. Nf3 Bg4 5. Be2 e6 6. 0-0 Be7 7. c4 Nb6 8. Nc3 0-0 9. Be3 Nc6 10. exd6 cxd6 11. b3 d5 12. c5 Nc8 13. b4 a6 14. b5 axb5 15. Nxb5 f5 16. Bf4 Qd7 17. Ne5 Nxe5 18. Bxe5 Qxb5 19. Bxb5 Bxd1 20. Rfxd1 Kf7 21. a4 Na7 22. Rdb1 Bf6 23. f4 Bxe5 24. fxe5 Ke7 25. a5 Rfb8 26. Ba4 Nc6 27. Bxc6 bxc6 28. Rb6 Kd7 29. Kf2 Kc7 30. Ke3 g5 31. g3 h5 32. h3 h4 33. gxh4 gxh4 34. Rg1 Rg8 35. Rxg8 Rxg8 36. a6 Rg3+ 37. Kf4 Rxh3 38. Rb7+ Kc8 39. Re7 Ra3 40. a7 h3 41. Rxe6 Rxa7 42. Rxc6+ Kd7 43. Rh6 Ra4 44. e6+ Ke7 45. Ke5 Ra3 46. Rh7+ Kf8 47. Kxf5 Re3 48. Kf6 Kg8 49. Rh4 Rf3+ 50. Ke5 Kg7 51. Kxd5 Kf6 52. Kd6 Kg5 53. Rh8 Rf4 54. Rxh3 Rxd4+ 55. Ke5 Rc4 56. Rg3+ Kh6 57. Kd6 Rd4+ 58. Ke5 Rc4 59. Kd5 Rc1 60. e7 Re1 61. Kd6 Rd1+ 62. Kc7 Re1 63. Rc3 Rxe7+ 64. Kd6 Re1 65. c6 Rd1+ 66. Kc5 1-0

[Event "Madrid Oliver Gonzalez Memorial-A 3rd"]
[Site "Madrid"]
[Date "2012.09.01"]
[Round "1"]
[White "Rabadan Velasco, Raul"]
[Black "Spitzer Isbert, Ramon"]
[Result "1-0"]
[WhiteElo "2347"]
[BlackElo "2078"]
[PlyCount "69"]
[EventDate "2012.09.01"]
[EventType "swiss"]
[EventRounds "9"]
[EventCountry "ESP"]
[SourceTitle "CBM 150 Extra"]
[Source "ChessBase"]
[SourceDate "2012.10.19"]
[SourceVersion "1"]
[SourceVersionDate "2012.10.19"]
[SourceQuality "1"]

1. e4 Nf6 2. Nc3 d5 3. e5 d4 4. Nce2 Ng4 5. f4 c5 6. Ng3 Qd5 7. Nf3 Nc6 8. b3 Ncxe5 9. fxe5 Nxe5 10. Bb5+ Bd7 11. Bxd7+ Nxd7 12. 0-0 e6 13. c4 Qc6 14. Qe2 Be7 15. d3 0-0 16. Bg5 Bd6 17. Ne4 Bc7 18. b4 b6 19. b5 Qb7 20. Bd2 Rae8 21. Nfg5 h6 22. Nxf7 Rxf7 23. Rxf7 Kxf7 24. Qh5+ Ke7 25. Bxh6 gxh6 26. Qh4+ Kf8 27. Rf1+ Kg7 28. Qg4+ Kh8 29. Qg6 Re7 30. g3 Qb8 31. Qxh6+ Rh7 32. Qxe6 Be5 33. Ng5 Rg7 34. Nf7+ Rxf7 35. Rxf7 1-0

[Event "Madrid Oliver Gonzalez Memorial 2nd"]
[Site "Madrid"]
[Date "2011.10.12"]
[Round "5"]
[White "Almagro Llamas, Pablo"]
[Black "Spitzer Isbert, Ramon"]
[Result "1-0"]
[WhiteElo "2466"]
[BlackElo "2099"]
[PlyCount "83"]
[EventDate "2011.10.08"]
[EventType "swiss"]
[EventRounds "9"]
[EventCountry "ESP"]
[SourceTitle "CBM 144 Extra"]
[Source "ChessBase"]
[SourceDate "2011.10.28"]
[SourceVersion "1"]
[SourceVersionDate "2011.10.28"]
[SourceQuality "1"]

1. c4 Nf6 2. g3 c5 3. Bg2 Nc6 4. Nc3 d6 5. Nf3 Bg4 6. h3 Bh5 7. d3 e6 8. a3 Be7 9. b4 Nd7 10. bxc5 Nxc5 11. Rb1 Bg6 12. 0-0 0-0 13. Na4 Qd7 14. Nxc5 dxc5 15. Qa4 Rad8 16. Rd1 Bf6 17. Kf1 b6 18. Nh4 Ne5 19. Qxd7 Rxd7 20. Nxg6 Nxg6 21. Bd2 h5 22. h4 Ne5 23. Be1 Rfd8 24. Rdc1 Ng4 25. a4 g5 26. hxg5 Bxg5 27. Rc2 Bf6 28. a5 Rd6 29. Ra2 Kg7 30. Rb5 Rh8 31. axb6 axb6 32. Ra6 h4 33. gxh4 Rxh4 34. Raxb6 Rd8 35. Rb8 Rd6 36. Rxc5 Ra6 37. Ra8 Rd6 38. Rcc8 Nh6 39. c5 Rdd4 40. c6 Rdf4 41. c7 Nf5 42. Rg8+ 1-0

[Event "Madrid Oliver Gonzalez Memorial 2nd"]
[Site "Madrid"]
[Date "2011.10.09"]
[Round "3"]
[White "Merino Araguas, Jose Javier"]
[Black "Spitzer Isbert, Ramon"]
[Result "0-1"]
[WhiteElo "1848"]
[BlackElo "2099"]
[PlyCount "54"]
[EventDate "2011.10.08"]
[EventType "swiss"]
[EventRounds "9"]
[EventCountry "ESP"]
[SourceTitle "CBM 144 Extra"]
[Source "ChessBase"]
[SourceDate "2011.10.28"]
[SourceVersion "1"]
[SourceVersionDate "2011.10.28"]
[SourceQuality "1"]

1. d4 Nf6 2. c4 e6 3. g3 h5 4. Bg5 Be7 5. Bg2 d5 6. Qc2 Nbd7 7. Nf3 c6 8. Nbd2 Ng8 9. Bxe7 Nxe7 10. h4 Nf5 11. e3 Qf6 12. a3 Qg6 13. Rc1 0-0 14. Bh3 a5 15. c5 a4 16. Ng5 Nf6 17. Ndf3 Ne7 18. Qxg6 Nxg6 19. Bg2 Re8 20. Ne5 Nxe5 21. dxe5 Nd7 22. Bh3 Nxe5 23. Ke2 b6 24. f4 Ba6+ 25. Kd1 Nc4 26. cxb6 Rab8 27. Re1 Nxb2+ 0-1